Loreto College Library, Kolkata
WEBOPAC (ONLINE PUBLIC ACCESS CATALOGUE)

William Shakespeare (Record no. 17728)

MARC details
000 -LEADER
fixed length control field 00654nam a2200217Ia 4500
005 - DATE AND TIME OF LATEST TRANSACTION
control field 20260312113434.0
008 - FIXED-LENGTH DATA ELEMENTS--GENERAL INFORMATION
fixed length control field 131103s9999 xx 000 0 und d
020 ## - ISBN | অাই এস বি এন
ISBN | অাই এস বি এন 079107823X
PRICE Rs.550.00
040 ## - CATALOGING SOURCE
Original cataloging agency Loreto College
041 ## - LANGUAGE CODE
Language code English
082 ## - DDC | ডিউই
Classification number | বর্গসংখ্যা 822.33
Book Number | গ্রন্থাঙ্ক SHA-BLO
245 ## - TITLE STATEMENT | অাখ্যা বিবরণী
Title | অাখ্যা William Shakespeare
Statement of responsibility | লেখকের দায়িত্বের বিবরণ Edited and with an introduction by Harold Bloom
260 ## - IMPRINT | প্রকাশনা ক্ষেত্র
Place of publication | প্রকাশ স্থান Philadelphia
Name of publisher | প্রকাশকের নাম Chelsea House
Date of publication | প্রকাশ কাল 2003
300 ## - PHYSICAL DESCRIPTION |
Page / Vol. No | পৃষ্ঠা / খন্ড সংখ্যা ix,550p
440 ## - SERIES STATEMENT |গ্রন্থমালা
Series Title | গ্রন্থমালা অাখ্যা Bloom's modern critical views
504 ## - BIBLIOGRAPHY, ETC. NOTE
Bibliography, etc Includes bibliographical references and index
650 ## - SUBJECT ADDED ENTRY--TOPICAL TERM | বিষয় শিরোনাম - মূল বিষয়
Topical term | মূল বিষয় Shakespeare, William, 1564-1616
700 ## - ADDED ENTRY--PERSONAL NAME | অতিরিক্ত সংলেখ - ব্
Personal name | ব্যাক্তিনাম Bloom, Harold, ed
850 ## - HOLDING INSTITUTION
Holding institution LCBED
942 ## - ADDED ENTRY ELEMENTS (KOHA)
Koha item type Books
Holdings
Withdrawn status Lost status Source of classification Damaged status Not for loan Home library Current library Shelving location Date acquired Total Checkouts Full call number Accession No. Date last seen Date checked out Price effective from Koha item type Coded location qualifier
    Dewey Decimal Classification     Loreto College Loreto College Post Graduate 04/11/2013 1 822.33 SHA-BLO 45897 B18171 03/12/2013 25/11/2013 04/11/2013 Books  
    Dewey Decimal Classification     Loreto College Loreto College   04/11/2013 7 822.33 SHA-BLO 48461 B40111 26/08/2025 20/08/2025 04/11/2013 Books